[Event "MNT-chT"]
[Site "Herceg Novi"]
[Date "2023.05.07"]
[Round "8.2"]
[White "Rasovic, Uros"]
[Black "Pecurica, Milos"]
[Result "0-1"]
[WhiteElo "2151"]
[BlackElo "2349"]
[PlyCount "68"]
[EventDate "2023.05.01"]
[EventType "team-tourn"]
[EventRounds "9"]
[EventCountry "MNE"]
[SourceTitle "CBM 214 Extra"]
[Source "ChessBase"]
[SourceDate "2023.07.31"]
[SourceVersion "1"]
[SourceVersionDate "2023.07.31"]
[SourceQuality "1"]
[WhiteTeam "Omladinac Buducnost"]
[BlackTeam "Crnogorac"]
[WhiteTeamCountry "MNE"]
[BlackTeamCountry "MNE"]

1. e4 e5 2. Nc3 Nf6 3. Nf3 Nc6 4. Bb5 Nd4 5. Ba4 c6 6. Nxe5 d6 7. Nf3 Bg4 8. d3 Bh5 9. Be3 Nxf3+ 10. gxf3 d5 11. exd5 Nxd5 12. Ne4 f5 13. Ng3 f4 14. c4 Nxe3 15. fxe3 fxg3 16. hxg3 Qg5 17. Kf2 Bc5 18. d4 0-0 19. dxc5 Bxf3 20. Qxf3 Rxf3+ 21. Kxf3 Rf8+ 22. Kg2 Qxe3 23. Rhf1 Qd2+ 24. Kh3 Rf2 25. Rxf2 Qxf2 26. Rd1 h5 27. Rd8+ Kh7 28. Bd1 Kg6 29. b4 Qg1 30. Bf3 Kf6 31. Rd1 Qe3 32. Bxh5 Kg5 33. Bg4 Qe4 34. Bc8 Qh7+ 0-1

[Event "MNT-chT"]
[Site "Herceg Novi"]
[Date "2023.05.03"]
[Round "4.2"]
[White "Nikcevic, Nebojsa"]
[Black "Rasovic, Uros"]
[Result "1-0"]
[WhiteElo "2414"]
[BlackElo "2151"]
[PlyCount "72"]
[EventDate "2023.05.01"]
[EventType "team-tourn"]
[EventRounds "9"]
[EventCountry "MNE"]
[SourceTitle "CBM 214 Extra"]
[Source "ChessBase"]
[SourceDate "2023.07.31"]
[SourceVersion "1"]
[SourceVersionDate "2023.07.31"]
[SourceQuality "1"]
[WhiteTeam "Herceg Novi"]
[BlackTeam "Omladinac Buducnost"]
[WhiteTeamCountry "MNE"]
[BlackTeamCountry "MNE"]

1. Nf3 Nf6 2. c4 e6 3. Nc3 Bb4 4. d4 Bxc3+ 5. bxc3 d6 6. Qc2 Qe7 7. e4 e5 8. Bd3 Bg4 9. Nd2 0-0 10. 0-0 Bh5 11. c5 exd4 12. cxd6 cxd6 13. cxd4 Nc6 14. Bb2 Nb4 15. Qb3 Nxd3 16. Qxd3 Rfe8 17. f3 Bg6 18. Ba3 Nd5 19. Nc4 Red8 20. Qd2 Nb6 21. Na5 Qd7 22. d5 f5 23. Qd4 fxe4 24. fxe4 Rac8 25. Rf4 Rc2 26. Raf1 Rxa2 27. Bxd6 h6 28. Bf8 Ra4 29. Qb2 Rxf8 30. Rxf8+ Kh7 31. Nb3 Nc4 32. Qc3 Bxe4 33. Nc5 Qg4 34. Qg3 Qxg3 35. hxg3 Nd2 36. Nxa4 Nxf1 1-0

[Event "MNT-chT 1st League"]
[Site "Podgorica"]
[Date "2021.05.21"]
[Round "2.2"]
[White "Rasovic, Uros"]
[Black "Kilibarda, Mitar"]
[Result "1-0"]
[WhiteElo "2135"]
[BlackElo "1750"]
[PlyCount "115"]
[EventDate "2021.05.20"]
[EventType "team-tourn"]
[EventRounds "7"]
[EventCountry "MNE"]
[SourceTitle "EXT 2022"]
[Source "ChessBase"]
[SourceDate "2021.10.06"]
[SourceVersion "1"]
[SourceVersionDate "2021.10.06"]
[SourceQuality "1"]

1. e4 Nc6 2. Nc3 e5 3. g3 Bc5 4. Bg2 d6 5. Nge2 a6 6. d3 Bg4 7. h3 Bh5 8. Be3 Bxe2 9. Qxe2 Nd4 10. Qd2 Ne7 11. 0-0-0 c6 12. Ne2 Qb6 13. c3 Ne6 14. d4 exd4 15. Nxd4 0-0-0 16. h4 Bxd4 17. cxd4 d5 18. e5 Nf5 19. Bh3 Nxe3 20. Qxe3 Kc7 21. Rd2 Qb4 22. f4 g6 23. g4 h5 24. f5 hxg4 25. fxe6 gxh3 26. exf7 Qe7 27. e6 Rxh4 28. Rxh3 Re4 29. Qg3+ Kb6 30. Rh7 Rf8 31. Qxg6 Rxe6 32. Qh5 Re1+ 33. Rd1 Qe3+ 34. Kc2 Re2+ 35. Kb1 Qe4+ 36. Ka1 Qc2 37. Rb1 Rf2 38. a3 Qf5 39. Qh4 Rxf7 40. Qd8+ Ka7 41. Rh8 Rf8 42. Rxf8 Qxf8 43. Qa5 Qf6 44. Qb4 Qd8 45. Re1 Qb6 46. Qc3 a5 47. Rc1 Qb5 48. Ka2 Qb6 49. Rd1 Rf4 50. Rd2 Qb5 51. Rc2 Rf1 52. Qe3 Rd1 53. Rc3 Qa4 54. Qe7 Rxd4 55. Qe3 Ka6 56. b3 Re4 57. bxa4 Rxe3 58. Rxe3 1-0

[Event "MNT-chT 1st League"]
[Site "Podgorica"]
[Date "2019.07.28"]
[Round "9.2"]
[White "Rasovic, Uros"]
[Black "Lekic, Dusan"]
[Result "1/2-1/2"]
[WhiteElo "2101"]
[BlackElo "2343"]
[PlyCount "108"]
[EventDate "2019.07.20"]
[EventType "team-tourn"]
[EventRounds "9"]
[EventCountry "MNE"]
[SourceTitle "EXT 2020"]
[Source "ChessBase"]
[SourceDate "2019.10.17"]
[SourceVersion "1"]
[SourceVersionDate "2019.10.17"]
[SourceQuality "1"]
[WhiteTeam "Buducnost Omladinac"]
[BlackTeam "Mimoza"]
[WhiteTeamCountry "MNE"]
[BlackTeamCountry "MNE"]

1. e4 c5 2. Nf3 d6 3. d4 cxd4 4. Qxd4 Nf6 5. Nc3 Nc6 6. Bb5 Bd7 7. Qd3 g6 8. Bg5 Bg7 9. 0-0-0 Ng4 10. Bh4 Nge5 11. Nxe5 Nxe5 12. Bxd7+ Qxd7 13. Qb5 Rc8 14. Qxd7+ Nxd7 15. Nd5 f6 16. Rhe1 Kf7 17. f4 Rc6 18. c3 a5 19. Kb1 b5 20. f5 Bh6 21. Rd3 Nb6 22. Bf2 Nxd5 23. exd5 Rc4 24. Rh3 Bg7 25. fxg6+ hxg6 26. Rxh8 Bxh8 27. Bd4 Bg7 28. Kc2 Rc8 29. b3 Bh8 30. h3 f5 31. Kd3 g5 32. c4 bxc4+ 33. bxc4 Bxd4 34. Kxd4 Rh8 35. Kd3 Rh4 36. Rf1 Kf6 37. Re1 g4 38. hxg4 Rxg4 39. Re6+ Kf7 40. Re2 Rg3+ 41. Kd4 Ra3 42. Rf2 Kg6 43. Re2 Kf6 44. Re6+ Kf7 45. Re2 Ke8 46. Rf2 Kd7 47. Rxf5 Rxa2 48. Rf1 a4 49. g4 Rg2 50. Ra1 Rxg4+ 51. Kc3 Rg3+ 52. Kb4 Rb3+ 53. Kxa4 Rb8 54. Re1 Rb7 1/2-1/2

[Event "MNT-chT 1st League"]
[Site "Podgorica"]
[Date "2019.07.22"]
[Round "3.2"]
[White "Rasovic, Uros"]
[Black "Vlatkovic, Milos"]
[Result "1-0"]
[WhiteElo "2101"]
[BlackElo "2308"]
[PlyCount "77"]
[EventDate "2019.07.20"]
[EventType "team-tourn"]
[EventRounds "9"]
[EventCountry "MNE"]
[SourceTitle "EXT 2020"]
[Source "ChessBase"]
[SourceDate "2019.10.17"]
[SourceVersion "1"]
[SourceVersionDate "2019.10.17"]
[SourceQuality "1"]
[WhiteTeam "Buducnost Omladinac"]
[BlackTeam "Kotor"]
[WhiteTeamCountry "MNE"]
[BlackTeamCountry "MNE"]

1. e4 c6 2. Nc3 d5 3. Nf3 dxe4 4. Nxe4 Nf6 5. Nxf6+ exf6 6. d4 Bd6 7. Be2 0-0 8. 0-0 Re8 9. Be3 Nd7 10. Qd2 Nf8 11. Rfe1 Ng6 12. c4 f5 13. d5 c5 14. b4 b6 15. bxc5 bxc5 16. Qc2 f4 17. Bd2 Bg4 18. Bc3 Qd7 19. h3 Bxf3 20. Bxf3 Nh4 21. Bg4 f5 22. Bh5 Ng6 23. Re6 Rxe6 24. dxe6 Qe7 25. Qxf5 Rf8 26. Qe4 f3 27. Bxg6 hxg6 28. Qxg6 fxg2 29. Rd1 Rd8 30. Be5 Bc7 31. Rxd8+ Bxd8 32. Kxg2 Ba5 33. h4 Bd2 34. f4 Be3 35. Kf3 Bc1 36. h5 Qb7+ 37. Kg3 Bd2 38. h6 Be1+ 39. Kh2 1-0

[Event "MNT-chT"]
[Site "Niksic"]
[Date "2018.08.13"]
[Round "7.4"]
[White "Pajkovic, Vladimir"]
[Black "Rasovic, Uros"]
[Result "1-0"]
[WhiteElo "2426"]
[BlackElo "2089"]
[PlyCount "49"]
[EventDate "2018.08.07"]
[EventType "team-tourn"]
[EventRounds "9"]
[EventCountry "MNE"]
[SourceTitle "CBM 186 Extra"]
[Source "ChessBase"]
[SourceDate "2018.08.24"]
[SourceVersion "1"]
[SourceVersionDate "2018.08.24"]
[SourceQuality "1"]
[WhiteTeam "Buducnost"]
[BlackTeam "Omladinac Buducnost"]
[WhiteTeamCountry "MNE"]
[BlackTeamCountry "MNE"]

1. Nf3 Nf6 2. c4 e6 3. g3 b6 4. Bg2 Bb7 5. 0-0 c5 6. Nc3 a6 7. Re1 d6 8. e4 Nbd7 9. d4 cxd4 10. Nxd4 Qc7 11. Be3 Be7 12. Rc1 0-0 13. f4 Rac8 14. g4 Nc5 15. Bf2 e5 16. Nf5 exf4 17. b4 Ne6 18. Nd5 Bxd5 19. exd5 g6 20. Nxe7+ Qxe7 21. dxe6 fxe6 22. g5 Nd7 23. Rxe6 Qxg5 24. Qd5 Qxd5 25. Bxd5 1-0

[Event "MNT-chT"]
[Site "Niksic"]
[Date "2016.08.10"]
[Round "5.2"]
[White "Rasovic, Uros"]
[Black "Miladinovic, Igor"]
[Result "0-1"]
[WhiteElo "2091"]
[BlackElo "2545"]
[PlyCount "122"]
[EventDate "2016.08.06"]
[EventType "team-tourn"]
[EventRounds "9"]
[EventCountry "MNE"]
[SourceTitle "CBM 173 Extra"]
[Source "ChessBase"]
[SourceDate "2016.08.29"]
[SourceVersion "1"]
[SourceVersionDate "2016.08.29"]
[SourceQuality "1"]

1. e4 c5 2. Nf3 Nc6 3. Bb5 e6 4. 0-0 Nge7 5. Re1 Nd4 6. Nxd4 cxd4 7. c3 Nc6 8. d3 Bc5 9. c4 0-0 10. Bxc6 bxc6 11. e5 f6 12. f4 fxe5 13. fxe5 Qh4 14. Qe2 d5 15. b3 Bd7 16. Nd2 Bb4 17. Rf1 Rxf1+ 18. Nxf1 Be8 19. Ng3 Bg6 20. Bd2 Ba3 21. Rf1 Rf8 22. Rxf8+ Bxf8 23. Qf3 Qe7 24. b4 Qb7 25. a3 Qc7 26. Bf4 a5 27. c5 axb4 28. axb4 Qb8 29. Bd2 Qxe5 30. Ne2 h5 31. h4 Be7 32. Bf4 Qf6 33. Qg3 Kh7 34. Be5 Qxh4 35. Nxd4 Qxg3 36. Bxg3 Be8 37. Nxe6 Kg8 38. Kf2 h4 39. Bf4 Kf7 40. Nd4 Bd7 41. Nf3 Ke6 42. Ne5 Be8 43. Kf3 Kf5 44. g4+ hxg3 45. Bxg3 Bg5 46. b5 cxb5 47. c6 Bd8 48. Nf7 Bxf7 49. c7 Bxc7 50. Bxc7 b4 51. Bd6 b3 52. Ba3 g5 53. Kg2 g4 54. Kg3 Be8 55. Kf2 Bb5 56. Ke3 Kg5 57. d4 Kh4 58. Kf2 g3+ 59. Kg1 Kg4 60. Kg2 Bd3 61. Bc1 Be4+ 0-1

[Event "MNT-chT"]
[Site "Niksic"]
[Date "2016.08.06"]
[Round "1.2"]
[White "Rasovic, Uros"]
[Black "Popovic, Mladen"]
[Result "0-1"]
[WhiteElo "2091"]
[BlackElo "2200"]
[PlyCount "51"]
[EventDate "2016.08.06"]
[EventType "team-tourn"]
[EventRounds "9"]
[EventCountry "MNE"]
[SourceTitle "CBM 173 Extra"]
[Source "ChessBase"]
[SourceDate "2016.08.29"]
[SourceVersion "1"]
[SourceVersionDate "2016.08.29"]
[SourceQuality "1"]

1. e4 e6 2. d4 d5 3. Nc3 Nf6 4. e5 Nfd7 5. f4 c5 6. Nf3 Nc6 7. Be3 a6 8. Qd2 b5 9. dxc5 Bxc5 10. Bd3 d4 11. Nxd4 Nxd4 12. Ne4 0-0 13. Nxc5 Nxc5 14. Bxd4 Nxd3+ 15. Qxd3 Qd5 16. Bc3 Qxg2 17. 0-0-0 Bb7 18. Rhg1 Qxh2 19. Qe3 Rfd8 20. Rdf1 Rac8 21. f5 g6 22. f6 b4 23. Bd2 Be4 24. Qxe4 Rxd2 25. c4 bxc3 26. Qb7 0-1

[Event "Podgorica Buducnost op 1st"]
[Site "Podgorica"]
[Date "2015.03.19"]
[Round "4"]
[White "Rasovic, Uros"]
[Black "Vujacic, Igor"]
[Result "0-1"]
[WhiteElo "2100"]
[BlackElo "2168"]
[PlyCount "50"]
[EventDate "2015.03.16"]
[EventType "swiss"]
[EventRounds "7"]
[EventCountry "MNE"]
[SourceTitle "EXT 2018"]
[Source "ChessBase"]
[SourceDate "2017.10.13"]
[SourceVersion "1"]
[SourceVersionDate "2017.10.13"]
[SourceQuality "1"]

1. e4 c5 2. Nf3 a6 3. g3 d5 4. exd5 b5 5. Bg2 Bb7 6. Nc3 Nf6 7. d4 Nxd5 8. Nxd5 Qxd5 9. 0-0 e6 10. a4 b4 11. c4 bxc3 12. bxc3 cxd4 13. Rb1 Bc6 14. Bf4 Nd7 15. cxd4 Qa5 16. Re1 Bb4 17. d5 Bxd5 18. Nd4 Bxe1 19. Nc6 Qc5 20. Qxe1 Qxc6 21. Rc1 Nc5 22. Be3 Bxg2 23. Rxc5 Qf3 24. Qc3 0-0 25. Rg5 f6 0-1

[Event "Podgorica Buducnost op 1st"]
[Site "Podgorica"]
[Date "2015.03.17"]
[Round "2"]
[White "Rasovic, Uros"]
[Black "Dedic, Slavko"]
[Result "1-0"]
[WhiteElo "2100"]
[BlackElo "1850"]
[PlyCount "101"]
[EventDate "2015.03.16"]
[EventType "swiss"]
[EventRounds "7"]
[EventCountry "MNE"]
[SourceTitle "EXT 2018"]
[Source "ChessBase"]
[SourceDate "2017.10.13"]
[SourceVersion "1"]
[SourceVersionDate "2017.10.13"]
[SourceQuality "1"]

1. e4 e5 2. Nc3 Nc6 3. g3 Nf6 4. Bg2 Bc5 5. Nge2 Ng4 6. 0-0 Qf6 7. Qe1 Bxf2+ 8. Rxf2 Qxf2+ 9. Qxf2 Nxf2 10. Kxf2 Nb4 11. a3 Nxc2 12. Ra2 c6 13. b4 Nd4 14. Nxd4 exd4 15. Ne2 d3 16. Nf4 a5 17. Nxd3 axb4 18. Nxb4 0-0 19. d3 f5 20. e5 Ra5 21. d4 h6 22. Bd2 Ra8 23. h4 Re8 24. Nd3 Rd8 25. Bb4 b6 26. Bd6 Ba6 27. Nf4 g5 28. Nh5 Kf7 29. Bc7 Rdc8 30. Bxb6 Rcb8 31. Bc5 Bc4 32. Rc2 Be6 33. Bb4 Rb5 34. Bf1 Rb7 35. Nf6 Rb6 36. Be2 g4 37. Ke3 Rh8 38. h5 Rhb8 39. Bd3 R6b7 40. Rf2 Ra8 41. Bxf5 Bxf5 42. Rxf5 Ke6 43. Ke4 d5+ 44. Kf4 Rg7 45. Nxg4 Rag8 46. Nxh6 Rh8 47. Rf6+ Kd7 48. g4 c5 49. Bxc5 Rb8 50. e6+ Kc7 51. Rf7+ 1-0

[Event "MNT-chT 1st League"]
[Site "Podgorica"]
[Date "2014.08.31"]
[Round "3.2"]
[White "Rasovic, Uros"]
[Black "Benkovic, Petar"]
[Result "0-1"]
[WhiteElo "2116"]
[BlackElo "2418"]
[PlyCount "56"]
[EventDate "2014.08.29"]
[EventType "team-tourn"]
[EventRounds "9"]
[EventCountry "MNE"]
[SourceTitle "EXT 2018"]
[Source "ChessBase"]
[SourceDate "2017.10.13"]
[SourceVersion "1"]
[SourceVersionDate "2017.10.13"]
[SourceQuality "1"]
[WhiteTeam "Omladinac Buducnost"]
[BlackTeam "Crnogorac"]
[WhiteTeamCountry "MNE"]
[BlackTeamCountry "MNE"]

1. c4 c5 2. g3 Nf6 3. Bg2 Nc6 4. Nc3 g6 5. e4 Bg7 6. Nge2 0-0 7. d3 d6 8. Be3 Ng4 9. Bd2 Nge5 10. Be3 Nb4 11. Nc1 a6 12. h3 Rb8 13. f4 Nd7 14. N1e2 b5 15. Qd2 Nc6 16. 0-0 Na5 17. cxb5 axb5 18. e5 dxe5 19. Ne4 Bb7 20. f5 c4 21. b4 cxd3 22. bxa5 dxe2 23. Qxe2 Qxa5 24. Rad1 Nf6 25. Bg5 Nxe4 26. Bxe4 Bxe4 27. Qxe4 Qxa2 28. Bxe7 Qa7+ 0-1

[Event "MNT-chT1"]
[Site "Cetinje"]
[Date "2013.08.31"]
[Round "2"]
[White "Rasovic, Uros"]
[Black "Potpara, Nikola"]
[Result "1-0"]
[WhiteElo "2045"]
[BlackElo "2230"]
[PlyCount "123"]
[EventDate "2013.08.30"]
[EventType "team-tourn"]
[EventRounds "9"]
[EventCountry "MNE"]
[SourceTitle "CBM 156 Extra"]
[Source "ChessBase"]
[SourceDate "2013.10.22"]
[SourceVersion "1"]
[SourceVersionDate "2013.10.22"]
[SourceQuality "1"]

1. e3 Nf6 2. b3 e6 3. Bb2 b6 4. Nf3 Bb7 5. Be2 Be7 6. 0-0 0-0 7. c4 c5 8. Nc3 d6 9. d4 a6 10. Qc2 Nbd7 11. Rad1 Re8 12. Rfe1 Rc8 13. d5 exd5 14. cxd5 b5 15. e4 Bf8 16. Nd2 g5 17. a4 b4 18. Ncb1 Ne5 19. Nc4 Nfd7 20. Nbd2 Ng6 21. Bg4 Rc7 22. Nf3 Bc8 23. Bf5 Nde5 24. Nfxe5 Nxe5 25. Bxe5 Bxf5 26. exf5 dxe5 27. Rxe5 Rxe5 28. Nxe5 Bd6 29. Nc4 Qf6 30. g3 Re7 31. Qd2 h6 32. Re1 Rd7 33. Qd3 Kg7 34. Re8 Bc7 35. Qe4 Qd4 36. Ne3 Qxe4 37. Rxe4 h5 38. Kf1 Kf6 39. Ke2 Be5 40. Kd3 Bd4 41. Kc4 Re7 42. Rxe7 Kxe7 43. g4 h4 44. Nf1 h3 45. Nd2 Bxf2 46. Ne4 Be3 47. f6+ Kd7 48. Nxc5+ Kd6 49. Ne4+ Ke5 50. Kd3 Bf4 51. Nf2 Bxh2 52. Nxh3 Kxf6 53. Ke4 Bd6 54. Ng1 Ke7 55. Nf3 f6 56. Nd4 Bf4 57. Nc6+ Kd6 58. Nxb4 a5 59. Nd3 Bd2 60. Kd4 f5 61. gxf5 g4 62. Nf2 1-0

[Event "Montenegro Team Cup"]
[Site "Montenegro"]
[Date "2013.04.14"]
[Round "2.5"]
[White "Rabrenovic, Milinko"]
[Black "Rasovic, Uros"]
[Result "1-0"]
[WhiteElo "2233"]
[BlackElo "2049"]
[PlyCount "65"]
[EventDate "2013.04.06"]
[EventType "swiss"]
[EventRounds "5"]
[EventCountry "MNE"]
[SourceTitle "CBM 154 Extra"]
[Source "ChessBase"]
[SourceDate "2013.06.25"]
[SourceVersion "2"]
[SourceVersionDate "2013.06.25"]
[SourceQuality "1"]

1. Nf3 b6 2. c4 Bb7 3. Nc3 e6 4. e4 Bb4 5. Bd3 Nf6 6. Qe2 d6 7. a3 Bxc3 8. dxc3 Nc6 9. Bc2 0-0 10. Bg5 h6 11. Bh4 e5 12. 0-0-0 g5 13. Bg3 Nh5 14. Nxe5 Nxg3 15. hxg3 Nxe5 16. Rxh6 g4 17. Qe3 Kg7 18. Rdh1 Rg8 19. f4 gxf3 20. gxf3 Kf8 21. Rh8 Qf6 22. Rxg8+ Kxg8 23. f4 Ng4 24. Qe2 Qg7 25. Rh5 f6 26. e5 Nxe5 27. fxe5 dxe5 28. Rh4 f5 29. Qh5 e4 30. Qxf5 Rf8 31. Qe6+ Qf7 32. Rg4+ Kh8 33. Qh6+ 1-0

[Event "Cetinje Batricevic Memorial op"]
[Site "Cetinje"]
[Date "2012.10.25"]
[Round "7"]
[White "Rasovic, Uros"]
[Black "Ashiku, Franc"]
[Result "1/2-1/2"]
[WhiteElo "2002"]
[BlackElo "2209"]
[PlyCount "108"]
[EventDate "2012.10.20"]
[EventType "swiss"]
[EventRounds "9"]
[EventCountry "MNE"]
[SourceTitle "EXT 2013"]
[Source "ChessBase"]
[SourceDate "2012.11.22"]
[SourceVersion "1"]
[SourceVersionDate "2012.11.22"]
[SourceQuality "1"]

1. c4 g6 2. g3 Nf6 3. Bg2 d5 4. cxd5 Nxd5 5. Nc3 Nb6 6. Nf3 Bg7 7. 0-0 0-0 8. d3 Nc6 9. Be3 e5 10. a3 Nd4 11. b4 f5 12. Rc1 h6 13. a4 a5 14. Nb5 c6 15. Nbxd4 exd4 16. Qb3+ Kh7 17. Bd2 axb4 18. Bxb4 Rg8 19. a5 Nd5 20. Bd2 Re8 21. Rfe1 Ra7 22. Rc4 Nc7 23. Qb6 Ra6 24. Qb2 Nb5 25. Qc1 Be6 26. Ra4 Bb3 27. Ra1 Qd6 28. h4 Nc3 29. Qb2 Bd5 30. Kf1 c5 31. Qc2 Rea8 32. e4 fxe4 33. dxe4 Nxe4 34. Bf4 Qf8 35. Rac1 Nc3 36. h5 c4 37. hxg6+ Rxg6 38. Nh4 Bxg2+ 39. Kxg2 d3 40. Nxg6 Kxg6 41. Qd2 Qf6 42. Be5 Qc6+ 43. f3 Ne2 44. Rxe2 dxe2 45. Qc2+ Kf7 46. Bxg7 Kxg7 47. Qxe2 Rc8 48. Qe7+ Kg8 49. Rb1 Rf8 50. Qe4 Qxe4 51. fxe4 Rf7 52. Rc1 Rc7 53. Kf3 Kf7 54. Ke3 Rc5 1/2-1/2

[Event "MNT-chTA"]
[Site "Cetinje"]
[Date "2012.10.07"]
[Round "9"]
[White "Bujisic, Vlastimir"]
[Black "Rasovic, Uros"]
[Result "1/2-1/2"]
[WhiteElo "2233"]
[BlackElo "2002"]
[PlyCount "138"]
[EventDate "2012.09.07"]
[EventType "team-tourn"]
[EventRounds "9"]
[EventCountry "MNE"]
[SourceTitle "CBM 150 Extra"]
[Source "ChessBase"]
[SourceDate "2012.10.19"]
[SourceVersion "1"]
[SourceVersionDate "2012.10.19"]
[SourceQuality "1"]

1. e4 c5 2. c3 d5 3. exd5 Qxd5 4. d4 Nf6 5. Nf3 Bg4 6. Be2 e6 7. 0-0 Nc6 8. Na3 cxd4 9. Nb5 Qd7 10. Nfxd4 Bxe2 11. Qxe2 a6 12. Nxc6 Qxc6 13. Nd4 Qc7 14. Bg5 Be7 15. c4 Rc8 16. b3 h5 17. Nf3 Ng4 18. Bxe7 Kxe7 19. Rfd1 Rcd8 20. h3 Nf6 21. Qe3 Rxd1+ 22. Rxd1 Rd8 23. Rxd8 Qxd8 24. Ne5 Qd1+ 25. Kh2 Qd6 26. Qf4 Ke8 27. g3 Qd1 28. Kg2 Qc2 29. Nf3 Qe4 30. Qg5 Kf8 31. Qc5+ Ke8 32. Qg5 Kf8 33. h4 Qc6 34. a3 Qe4 35. Qc5+ Ke8 36. b4 Nd7 37. Qxh5 g6 38. Qh8+ Ke7 39. c5 f6 40. Qg7+ Ke8 41. a4 Kd8 42. b5 axb5 43. axb5 Kc7 44. Qe7 Qd5 45. g4 Qxc5 46. Qxc5+ Nxc5 47. h5 gxh5 48. gxh5 Nd7 49. h6 Nf8 50. Kg3 Kd6 51. Kg4 Ke7 52. Kh5 Kf7 53. Nd4 Kg8 54. Ne2 Kh7 55. Nf4 b6 56. f3 e5 57. Nd5 Nd7 58. Nc7 Nc5 59. Ne8 Nd7 60. Kg4 Kg6 61. h7 f5+ 62. Kh4 Kxh7 63. Kg5 e4 64. fxe4 fxe4 65. Kf4 Nc5 66. Nc7 Kg6 67. Nd5 Kf7 68. Nxb6 Ne6+ 69. Kxe4 Nc7 1/2-1/2

[Event "MNT-chTA"]
[Site "Cetinje"]
[Date "2012.09.08"]
[Round "2"]
[White "Rasovic, Uros"]
[Black "Kisic, Bozidar"]
[Result "1-0"]
[WhiteElo "2002"]
[BlackElo "2044"]
[PlyCount "49"]
[EventDate "2012.09.07"]
[EventType "team-tourn"]
[EventRounds "9"]
[EventCountry "MNE"]
[SourceTitle "CBM 150 Extra"]
[Source "ChessBase"]
[SourceDate "2012.10.19"]
[SourceVersion "1"]
[SourceVersionDate "2012.10.19"]
[SourceQuality "1"]

1. g3 Nf6 2. c4 e5 3. Bg2 c6 4. d4 exd4 5. Qxd4 d5 6. Nh3 Be7 7. Nf4 Na6 8. cxd5 Nb4 9. Na3 cxd5 10. 0-0 0-0 11. Rd1 Nc6 12. Qa4 Be6 13. Nxd5 Nxd5 14. Bxd5 Bxd5 15. e4 Nb4 16. exd5 a5 17. Qb5 Bf6 18. d6 Ra6 19. d7 Qe7 20. Be3 Rd8 21. Bc5 Qe6 22. Re1 Be5 23. f4 f6 24. fxe5 fxe5 25. Rad1 1-0

[Event "MNT-ch sf"]
[Site "Cetinje"]
[Date "2012.06.27"]
[Round "2"]
[White "Rasovic, Uros"]
[Black "Batricevic, Bozo"]
[Result "1-0"]
[WhiteElo "1960"]
[BlackElo "1779"]
[PlyCount "83"]
[EventDate "2012.06.26"]
[EventType "swiss"]
[EventRounds "7"]
[EventCountry "MNE"]
[SourceTitle "EXT 2013"]
[Source "ChessBase"]
[SourceDate "2012.11.22"]
[SourceVersion "1"]
[SourceVersionDate "2012.11.22"]
[SourceQuality "1"]

1. c4 e5 2. g3 Nf6 3. Bg2 c6 4. d4 Bb4+ 5. Nc3 Bxc3+ 6. bxc3 e4 7. Qc2 d5 8. Ba3 Bf5 9. cxd5 cxd5 10. e3 Nbd7 11. Bf1 Nb6 12. Nf3 Nfd7 13. Nd2 Rc8 14. f3 Qg5 15. Kf2 exf3 16. Bd3 Bxd3 17. Qxd3 Qg6 18. e4 Nc4 19. Nxc4 dxc4 20. Qxf3 Qf6 21. Rab1 Qxf3+ 22. Kxf3 b6 23. e5 h5 24. h4 Rh6 25. g4 hxg4+ 26. Kxg4 Rg6+ 27. Kf3 Nb8 28. h5 Rh6 29. Rbg1 Rh7 30. Rg5 Kd7 31. Ke4 Re8 32. Rhg1 Rg8 33. Rf1 Ke8 34. d5 Nd7 35. e6 fxe6 36. dxe6 Nc5+ 37. Bxc5 bxc5 38. Kd5 g6 39. Kd6 Rxh5 40. Rxh5 gxh5 41. Rb1 Kf8 42. Rb8+ 1-0

[Event "MNT-ch sf"]
[Site "Cetinje"]
[Date "2012.06.26"]
[Round "1"]
[White "Petijevic, Vaso"]
[Black "Rasovic, Uros"]
[Result "1-0"]
[WhiteElo "2281"]
[BlackElo "1960"]
[PlyCount "89"]
[EventDate "2012.06.26"]
[EventType "swiss"]
[EventRounds "7"]
[EventCountry "MNE"]
[SourceTitle "EXT 2013"]
[Source "ChessBase"]
[SourceDate "2012.11.22"]
[SourceVersion "1"]
[SourceVersionDate "2012.11.22"]
[SourceQuality "1"]

1. e4 c5 2. c3 d5 3. exd5 Qxd5 4. d4 Nf6 5. Nf3 Bg4 6. Be2 e6 7. 0-0 Be7 8. a3 0-0 9. h3 Bh5 10. c4 Qd7 11. dxc5 Bxc5 12. Nc3 Nc6 13. b4 Bxf3 14. Bxf3 Bd4 15. Bb2 Ne5 16. Bxb7 Nxc4 17. Bxa8 Nxb2 18. Qf3 Qc8 19. Ne2 Nc4 20. Bb7 Nd2 21. Qc6 Qxc6 22. Bxc6 Bxa1 23. Rxa1 Nc4 24. a4 Rb8 25. b5 Ne5 26. Nd4 Rd8 27. f4 Rxd4 28. fxe5 Nd7 29. Bxd7 Rxd7 30. a5 Rb7 31. Rb1 g5 32. b6 axb6 33. Rxb6 Rc7 34. a6 Rc1+ 35. Kf2 Ra1 36. Ke3 Ra4 37. Kd3 Kg7 38. Kc3 Kg6 39. g4 h5 40. Kb3 Ra1 41. Kc4 h4 42. Kb5 Ra3 43. Rd6 Rxh3 44. a7 Rb3+ 45. Ka4 1-0

[Event "MNT CupT"]
[Site "Cetinje"]
[Date "2012.05.29"]
[Round "5"]
[White "Miljanic, Boro"]
[Black "Rasovic, Uros"]
[Result "1-0"]
[WhiteElo "2407"]
[BlackElo "1960"]
[PlyCount "58"]
[EventDate "2012.05.25"]
[EventType "team-swiss"]
[EventRounds "5"]
[EventCountry "MNE"]
[SourceTitle "CBM 148 Extra"]
[Source "ChessBase"]
[SourceDate "2012.06.22"]
[SourceVersion "1"]
[SourceVersionDate "2012.06.22"]
[SourceQuality "1"]

1. e4 c5 2. Nf3 a6 3. c3 d5 4. exd5 Qxd5 5. d4 Bg4 6. Be2 e6 7. c4 Qd8 8. h3 Bxf3 9. Bxf3 cxd4 10. Bxb7 Ra7 11. Bf3 Bd6 12. 0-0 Ne7 13. b4 0-0 14. c5 Bc7 15. a4 e5 16. Ba3 f5 17. b5 Ba5 18. Be2 Kh8 19. Bc4 e4 20. c6 d3 21. Nd2 Bc7 22. Bc5 Ra8 23. Qb3 Bd6 24. Qb4 Rf6 25. Rfe1 Nbxc6 26. bxc6 Nxc6 27. Qa3 Nd4 28. Bxd6 Rxd6 29. Qc5 Rc8 1-0

[Event "MNT CupT"]
[Site "Cetinje"]
[Date "2012.05.27"]
[Round "3"]
[White "Scepanovic, Dalibor"]
[Black "Rasovic, Uros"]
[Result "1-0"]
[WhiteElo "2118"]
[BlackElo "1960"]
[PlyCount "71"]
[EventDate "2012.05.25"]
[EventType "team-swiss"]
[EventRounds "5"]
[EventCountry "MNE"]
[SourceTitle "CBM 148 Extra"]
[Source "ChessBase"]
[SourceDate "2012.06.22"]
[SourceVersion "1"]
[SourceVersionDate "2012.06.22"]
[SourceQuality "1"]

1. e4 c5 2. Nf3 d6 3. d4 cxd4 4. Qxd4 e5 5. Qd2 Nf6 6. Nc3 Be6 7. Ng5 a6 8. Nxe6 fxe6 9. Bc4 Qd7 10. Qd3 b5 11. Bb3 Nc6 12. 0-0 Be7 13. Qh3 Nd4 14. Rd1 Nxb3 15. axb3 0-0 16. Bg5 b4 17. Bxf6 bxc3 18. Bxe5 cxb2 19. Bxb2 Qc8 20. c4 e5 21. Qxc8 Rfxc8 22. Ba3 Rab8 23. Rd3 Rc6 24. g3 g5 25. Rad1 Rbb6 26. Kg2 Kf7 27. Rf3+ Kg6 28. Rd5 h5 29. Rc3 Kf6 30. f4 Rb7 31. Rcd3 Rcb6 32. fxg5+ Kxg5 33. Bxd6 Bxd6 34. Rxd6 Rxd6 35. Rxd6 Rxb3 36. h4+ 1-0